Normal view
MARC view
Entry Topical Term
001 - CONTROL NUMBER
- control field: 2994
003 - CONTROL NUMBER IDENTIFIER
- control field: BD-RjUL
005 - DATE AND TIME OF LATEST TRANSACTION
- control field: 20220512133718.0
008 - FIXED-LENGTH DATA ELEMENTS
- fixed length control field: 220512|| aca||aabn | a|a d
040 ## - CATALOGING SOURCE
- Original cataloging agency: BD-RjUL
- Transcribing agency: BD-RjUL
150 ## - HEADING--TOPICAL TERM
- Topical term or geographic name entry element: Older people
- General subdivision: Health and hygiene
- Geographic subdivision: Bangladesh
670 ## - SOURCE DATA FOUND
- Source citation: Work cat.: (BD-RjUL)79426: Haque, Abul Kasem Mohammad Enamul 1487, IIIness and the healing Practices :, 2008